Normal view
MARC view
- . Sound and the fury
Entry Topical Term
001 - CONTROL NUMBER
- control field: 5516
003 - CONTROL NUMBER IDENTIFIER
- control field: JO-AjAnu
005 - DATE AND TIME OF LATEST TRANSACTION
- control field: 20230606071209.0
008 - FIXED-LENGTH DATA ELEMENTS
- fixed length control field: 230606|| aca||aabn | a|a d
040 ## - CATALOGING SOURCE
- Original cataloging agency: JO-AjAnu
- Transcribing agency: JO-AjAnu
150 ## - HEADING--TOPICAL TERM
- Topical term or geographic name entry element: . Sound and the fury
670 ## - SOURCE DATA FOUND
- Source citation: Work cat.: (JO-AjAnu)2851: Edited Cowa , Michael . H, author 5515, Twentieth Century Interpretations of The Sound and the Fury